Countries by Letter Numbers - Statistics

General Stats
  • This quiz has been taken 56 times
  • The average score is 14 of 15
Answer Stats
Code Country % Correct
3 8 9 14 1 China
100%
26 1 13 2 9 1 Zambia
98%
3 21 2 1 Cuba
96%
12 5 19 15 20 8 15 Lesotho
94%
1 21 19 20 18 9 1 Austria
92%
5 7 25 16 20 Egypt
92%
2 1 18 2 1 4 15 19 Barbados
91%
7 5 15 18 7 9 1 Georgia
91%
16 1 18 1 7 21 1 25 Paraguay
91%
20 15 7 15 Togo
91%
12 1 20 22 9 1 Latvia
89%
22 9 5 20 14 1 13 Vietnam
89%
14 5 23 26 5 1 12 1 14 4 New Zealand
85%
19 12 15 22 5 14 9 1 Slovenia
83%
11 9 18 9 2 1 20 9 Kiribati
81%
No matching quizzes found
Score Distribution
Percent of People with Each Score
Percentile by Number Answered
Your Score History
You have not taken this quiz